000 00637nam 22002053 4500
001 200648
090 _a200648
100 _a20260219d u||y0pory50 ba
200 _aEntre palavras
_e1974-1984
_fMaria João Avillez
210 _aLisboa
_cDifel
_dcop. 1984
215 _a490 p.
_cil. ; brochado
_d22 cm
317 _a. - Oferta com dedicatória da escritora ao Prof. Dr. Almeida Faria
606 _96
_aLiteratura Portuguesa
610 _aEntrevistas
675 _a821.134.3-94 Avilez, M. J.
_vPT
_zpor
675 _a005.57
_vPT
_zpor
700 _96774
_aAvillez
_bMaria João
_f1945-
801 _aPT
_bBMMN
_gRPC
830 _cAna
_fAna
990 _cLIVROS